000 00954cam a2200289 i 4500
001 bg
003 BPK
005 20191016143709.0
008 96 s1978 pl f f |000 0 pol
040 _cBPK
041 _apol
080 _a621.01
080 _a539.3/.6
080 _a(075.8)
245 1 0 _aMechanika techniczna.
_nT. 4,
_pSprężystość /
_cpod red. Marka Sokołowskiego ; [aut. Zofia Mossakowska et al.].
246 3 0 _aSprężystość
260 _aWarszawa :
_bPWN,
_c1978.
300 _a557, [2 s.] s. :
_bil, wykr. err. ;
_c25 cm.
504 _aBibliogr. przy rozdz. - Indeks.
655 4 _aPodręczniki akademickie
650 4 _aMechanika stosowana
650 4 _aSprężystość
700 1 _aSokołowski, Marek
_d(1927-2014).
_eRed.
700 1 _aMossakowska, Zofia.
856 _uhttp://koha.tu.koszalin.pl/cgi-bin/koha/opac-detail.pl?biblionumber=17649
_yKatalog online BPK
942 _cKS
_2UKD
999 _c17649
_d17649